| 000 | 00546nam a22001817a 4500 | ||
|---|---|---|---|
| 003 | AM-YeHGA | ||
| 005 | 20250617154023.0 | ||
| 008 | 180413s xxu||||| |||| 00| 0 rus d | ||
| 040 | _aAM-YeHGA | ||
| 041 | 0 | _arus | |
| 100 | 1 | _aРыленков, Николай Иванович | |
| 245 | 1 | 0 |
_aАвгуст / _cНиколай Рыленков. |
| 260 |
_aМосква : _bСоветский писатель, _c1958. |
||
| 300 | _a199 с. | ||
| 650 | 1 | 4 | _aРусская советская поэзия |
| 942 |
_2udc _cBK |
||
| 090 | _c405215 | ||
| 999 |
_c402995 _d402995 |
||